000 00720nam a2200205 a 4500
003 AM-YeHGA
040 _aAM-YeHGA
090 _c92757
001 000254211
005 20250618071716.0
008 030814s1962 ai 000 | arm d
041 0 _aarm
100 1 _aԱլաջաջյան, Ստեփան Եղիայի,
_d1924-2010
_979
245 1 0 _aՓյունիկ :
_bՎիպակ /
_cՍ. Ալաջաջյան; Խմբ.՝ Ս. Սարգսյան.
260 _aԵրևան :
_bՀայպետհրատ,
_c1962.
300 _a231 էջ ;
_c21 սմ.
_bնկ. ;
_c21 սմ.
650 1 4 _aՀայ գրականություն
_xՎիպակ
700 1 _aՍարգսյան, Սերոբ Հակոբի,
_d1927-1990
_eխմբ.
_4edt
_92785
942 _2udc
_cBK
999 _c91460
_d91460